[Event "Landesliga Sued 1718"]
[Site "Bayern"]
[Date "2017.11.26"]
[Round "3.5"]
[White "Schmid, Franz"]
[Black "Senftleben, Oliver"]
[Result "1-0"]
[WhiteElo "2140"]
[BlackElo "2038"]
[PlyCount "71"]
[EventDate "2017.10.22"]
[EventType "team-tourn"]
[EventRounds "9"]
[EventCountry "GER"]
[SourceTitle "EXT 2022"]
[Source "ChessBase"]
[SourceDate "2021.10.06"]
[SourceVersion "1"]
[SourceVersionDate "2021.10.06"]
[SourceQuality "1"]
[WhiteTeam "Roehrnbach"]
[BlackTeam "Ingolstadt"]
[WhiteTeamCountry "GER"]
[BlackTeamCountry "GER"]

1. e4 e5 2. Nf3 Nc6 3. d4 exd4 4. Nxd4 Bc5 5. Nxc6 bxc6 6. Bd3 d6 7. 0-0 Ne7 8. Qe2 0-0 9. Be3 Bb6 10. a4 f5 11. Nd2 f4 12. Bxb6 cxb6 13. f3 Ng6 14. Rad1 Be6 15. Bc4 Qe7 16. Bxe6+ Qxe6 17. Qc4 d5 18. exd5 cxd5 19. Qb5 Rf5 20. Rfe1 Re5 21. Rxe5 Qxe5 22. Nb3 Rd8 23. c3 Nh4 24. Nd4 Re8 25. Kf1 h6 26. Nc6 Qg5 27. Qxd5+ Qxd5 28. Rxd5 a5 29. Nd4 Ng6 30. Ne2 Ne5 31. Nxf4 Nc4 32. Rb5 g5 33. Nd5 Re6 34. b3 Nd2+ 35. Kf2 Rc6 36. Ne7+ 1-0